¿Cuál es el nombre del hueso? - Estadísticas

Estadísticas generales
  • Esta prueba ha sido intentada 320 veces
    310 desde el último reinicio
  • La puntuación promedio es 15 de 37
Estadísticas de respuestas
Imagen Respuesta % Correcto
Radio
91%
Tibia
91%
Esternón
78%
Coxis
66%
Occipital
62%
Parietal
62%
Mandìbula
60%
Escapula
58%
Nasal
58%
Atlas / C1
57%
Maxilar
51%
Vértebras cervicales
51%
Húmero
50%
Cigomático
42%
Fémur
38%
Clavícula
37%
Vómer
37%
Estribo
35%
Fíbula
35%
Sacro
34%
Temporal
33%
Etmoides
31%
Falanges proximales
31%
Frontal
31%
Vertebras torácicas
31%
Hioides
30%
Tarsos / Tarsianos
30%
Huesesillos del oído
28%
Cornete nasal inferior / Concha nasal inferior
26%
Patela
23%
Esfenoides
22%
Falange proximal
22%
Carpo / Carpianos
19%
Costillas flotantes
19%
Ulna
15%
Hueso coxal
13%
Palatino
13%
No se encontraron pruebas coincidentes
Distribución de puntuación
Porcentaje de gente con cada puntuación
Porcentaje por número respondido
Historial de tus puntuaciones
No has intentado esta prueba desde el último reinicio